Indiana Hoosiers 25-26 CFB Scores (ALL WINS) - Statistics

General Stats
  • This quiz has been taken 27 times
  • The average score is 11 of 16
Answer Stats
Question Answer % Correct
Score v. #9 Alabama (Rose Bowl) 38-3
92%
Score v/ #5 Oregon (Peach Bowl) 56-22
92%
Score v/ #1 Ohio State (Big Ten Championship) 13-10
85%
Score @ Penn State 27-24
85%
Score v/ #9 Illinois 63-10
85%
Score @ #3 Oregon 30-20
81%
Score @ Iowa 20-15
77%
Score v/ #10 Miami (National Championship) 27-21
73%
Score v/ Indiana State 73-0
65%
Score @ Purdue 56-3
62%
Score v/ Old Dominion 27-14
58%
Score v/ Wisconsin 31-7
58%
Score v/ Michigan State (Homecoming) 38-13
54%
Score v/ Kennesaw State 56-9
46%
Score @ Maryland 55-10
42%
Score v/ UCLA 56-6
42%
No matching quizzes found
Score Distribution
Percent of People with Each Score
Percentile by Number Answered
Your Score History
You have not taken this quiz